<?xml version="1.0" encoding="UTF-8"?>
<record
    xmlns:xsi="http://www.w3.org/2001/XMLSchema-instance"
    xsi:schemaLocation="http://www.loc.gov/MARC21/slim http://www.loc.gov/standards/marcxml/schema/MARC21slim.xsd"
    xmlns="http://www.loc.gov/MARC21/slim">

  <leader>00515nam a22001217a 4500</leader>
  <datafield tag="040" ind1=" " ind2=" ">
    <subfield code="c">SK</subfield>
  </datafield>
  <datafield tag="082" ind1=" " ind2=" ">
    <subfield code="a">338</subfield>
  </datafield>
  <datafield tag="100" ind1=" " ind2=" ">
    <subfield code="a">&#x1780;&#x17D2;&#x179A;&#x179F;&#x17BD;&#x1784;&#x1780;&#x179F;&#x17B7;&#x1780;&#x1798;&#x17D2;&#x1798;</subfield>
  </datafield>
  <datafield tag="245" ind1=" " ind2=" ">
    <subfield code="a">&#x1794;&#x17D2;&#x179A;&#x1780;&#x17B6;&#x179F;&#x179F;&#x17D2;&#x178F;&#x17B8;&#x1796;&#x17B8;&#x1793;&#x17B8;&#x178F;&#x17B7;&#x179C;&#x17B7;&#x1792;&#x17B8;&#x1793;&#x17C3;&#x1780;&#x17B6;&#x179A;&#x1782;&#x17D2;&#x179A;&#x1794;&#x17CB;&#x1782;&#x17D2;&#x179A;&#x1784;&#x1787;&#x17B8; &#x1793;&#x17B7;&#x1784;&#x1790;&#x17D2;&#x1793;&#x17B6;&#x17C6;&#x1780;&#x179F;&#x17B7;&#x1780;&#x1798;&#x17D2;&#x1798;&#x178A;&#x17C2;&#x179B;&#x178F;&#x17D2;&#x179A;&#x17BC;&#x179C;&#x1792;&#x17D2;&#x179C;&#x17BE;&#x1796;&#x17B6;&#x178E;&#x17B7;&#x1787;&#x17D2;&#x1787;&#x1780;&#x1798;&#x17D2;&#x1798;</subfield>
  </datafield>
  <datafield tag="260" ind1=" " ind2=" ">
    <subfield code="a">&#x1780;&#x17D2;&#x179A;&#x179F;&#x17BD;&#x1784;&#x1780;&#x179F;&#x17B7;&#x1780;&#x1798;&#x17D2;&#x1798;</subfield>
    <subfield code="b">&#x1780;&#x179F;&#x17B7;&#x1780;&#x1798;&#x17D2;&#x1798;</subfield>
    <subfield code="c">2013</subfield>
  </datafield>
  <datafield tag="300" ind1=" " ind2=" ">
    <subfield code="a">37p.</subfield>
  </datafield>
  <datafield tag="942" ind1=" " ind2=" ">
    <subfield code="c">KB</subfield>
  </datafield>
  <datafield tag="999" ind1=" " ind2=" ">
    <subfield code="c">10258</subfield>
    <subfield code="d">10258</subfield>
  </datafield>
  <datafield tag="952" ind1=" " ind2=" ">
    <subfield code="0">0</subfield>
    <subfield code="1">0</subfield>
    <subfield code="4">0</subfield>
    <subfield code="6">338_000000000000000_&#x1780;&#x179F;&#x17B7;&#x1780;&#x1798;&#x1798;_2013_C197</subfield>
    <subfield code="7">0</subfield>
    <subfield code="9">52860</subfield>
    <subfield code="a">LBC</subfield>
    <subfield code="b">LBC</subfield>
    <subfield code="c">C197</subfield>
    <subfield code="d">2016-09-23</subfield>
    <subfield code="o">338 &#x1780;&#x179F;&#x17B7;&#x1780;&#x1798;&#x17D2;&#x1798; 2013 C197</subfield>
    <subfield code="p">A00386</subfield>
    <subfield code="r">2016-09-23</subfield>
    <subfield code="y">KB</subfield>
  </datafield>
  <datafield tag="952" ind1=" " ind2=" ">
    <subfield code="0">0</subfield>
    <subfield code="1">0</subfield>
    <subfield code="4">0</subfield>
    <subfield code="6">338_000000000000000_&#x1780;&#x179F;&#x17B7;&#x1780;&#x1798;&#x1798;_2013_C197</subfield>
    <subfield code="7">0</subfield>
    <subfield code="9">52863</subfield>
    <subfield code="a">LBC</subfield>
    <subfield code="b">LBC</subfield>
    <subfield code="c">C197</subfield>
    <subfield code="d">2016-09-23</subfield>
    <subfield code="o">338 &#x1780;&#x179F;&#x17B7;&#x1780;&#x1798;&#x17D2;&#x1798; 2013 C197</subfield>
    <subfield code="p">A00665</subfield>
    <subfield code="r">2016-09-23</subfield>
    <subfield code="y">KB</subfield>
  </datafield>
  <datafield tag="952" ind1=" " ind2=" ">
    <subfield code="0">0</subfield>
    <subfield code="1">0</subfield>
    <subfield code="4">0</subfield>
    <subfield code="6">338_000000000000000_&#x1780;&#x179F;&#x17B7;&#x1780;&#x1798;&#x1798;_2013_C197</subfield>
    <subfield code="7">0</subfield>
    <subfield code="9">52864</subfield>
    <subfield code="a">LBC</subfield>
    <subfield code="b">LBC</subfield>
    <subfield code="c">C197</subfield>
    <subfield code="d">2016-09-23</subfield>
    <subfield code="o">338 &#x1780;&#x179F;&#x17B7;&#x1780;&#x1798;&#x17D2;&#x1798; 2013 C197</subfield>
    <subfield code="p">A01367</subfield>
    <subfield code="r">2016-09-23</subfield>
    <subfield code="y">KB</subfield>
  </datafield>
  <datafield tag="952" ind1=" " ind2=" ">
    <subfield code="0">0</subfield>
    <subfield code="1">0</subfield>
    <subfield code="4">0</subfield>
    <subfield code="6">338_000000000000000_&#x1780;&#x179F;&#x17B7;&#x1780;&#x1798;&#x1798;_2013_C197</subfield>
    <subfield code="7">0</subfield>
    <subfield code="9">52865</subfield>
    <subfield code="a">LBC</subfield>
    <subfield code="b">LBC</subfield>
    <subfield code="c">C197</subfield>
    <subfield code="d">2016-09-23</subfield>
    <subfield code="o">338 &#x1780;&#x179F;&#x17B7;&#x1780;&#x1798;&#x17D2;&#x1798; 2013 C197</subfield>
    <subfield code="p">A00420</subfield>
    <subfield code="r">2016-09-23</subfield>
    <subfield code="y">KB</subfield>
  </datafield>
  <datafield tag="952" ind1=" " ind2=" ">
    <subfield code="0">0</subfield>
    <subfield code="1">0</subfield>
    <subfield code="4">0</subfield>
    <subfield code="6">338_000000000000000_&#x1780;&#x179F;&#x17B7;&#x1780;&#x1798;&#x1798;_2013_C198</subfield>
    <subfield code="7">0</subfield>
    <subfield code="9">52866</subfield>
    <subfield code="a">LBC</subfield>
    <subfield code="b">LBC</subfield>
    <subfield code="c">C198</subfield>
    <subfield code="d">2016-09-23</subfield>
    <subfield code="o">338 &#x1780;&#x179F;&#x17B7;&#x1780;&#x1798;&#x17D2;&#x1798; 2013 C198</subfield>
    <subfield code="p">A00586</subfield>
    <subfield code="r">2016-09-23</subfield>
    <subfield code="y">KB</subfield>
  </datafield>
  <datafield tag="952" ind1=" " ind2=" ">
    <subfield code="0">0</subfield>
    <subfield code="1">0</subfield>
    <subfield code="4">0</subfield>
    <subfield code="6">338_000000000000000_&#x1780;&#x179F;&#x17B7;&#x1780;&#x1798;&#x1798;_2013_C198</subfield>
    <subfield code="7">0</subfield>
    <subfield code="9">52867</subfield>
    <subfield code="a">LBC</subfield>
    <subfield code="b">LBC</subfield>
    <subfield code="c">C198</subfield>
    <subfield code="d">2016-09-23</subfield>
    <subfield code="o">338 &#x1780;&#x179F;&#x17B7;&#x1780;&#x1798;&#x17D2;&#x1798; 2013 C198</subfield>
    <subfield code="p">A02597</subfield>
    <subfield code="r">2016-09-23</subfield>
    <subfield code="y">KB</subfield>
  </datafield>
</record>
